The thin blue line: international peacekeeping and its future
I tiakina i:
| Ngā kaituhi matua: | , , |
|---|---|
| Hōputu: | Pukapuka |
| Reo: | Ingarihi |
| I whakaputaina: |
New Haven
Yale University
1974
|
| Ngā marau: | |
| Ngā Tūtohu: |
Tāpirihia he Tūtohu
Kāore He Tūtohu, Me noho koe te mea tuatahi ki te tūtohu i tēnei pūkete!
|
MARC
| LEADER | 00000nam a2200000 a 4500 | ||
|---|---|---|---|
| 001 | UCT7876 | ||
| 003 | CL-VaPUC | ||
| 008 | 970317e19740000US |||||||||||||||||eng|d | ||
| 082 | 0 | 4 | |a 341.232 |b RIK |2 21 |
| 100 | 0 | |a Rikhye, Indar Jit |e author |9 379128 | |
| 700 | 0 | |a Harbottle, Michael |e author |9 379129 | |
| 700 | 0 | |a Egge, Bjorn |e author |9 379130 | |
| 245 | 1 | 4 | |a The thin blue line: international peacekeeping and its future |
| 300 | |a 353 p | ||
| 942 | |c BK | ||
| 945 | |d 19970317 00:00:00 |a paguirre | ||
| 260 | |a New Haven |b Yale University |c 1974 | ||
| 600 | 0 | 7 | |a CONSEJO DE SEGURIDAD DE LA ONU |2 CL-VaPUC |9 379110 |
| 650 | 7 | |a SISTEMA DE NACIONES UNIDAS |2 CL-VaPUC |9 372032 | |
| 650 | 7 | |a PAZ MUNDIAL |2 CL-VaPUC |9 379131 | |
| 650 | 0 | |a Cooperación internacional |9 255447 | |
| 650 | 7 | |a CUERPO DE LA PAZ |2 CL-VaPUC |9 379132 | |
| 583 | |a last modification |c 20130925 08:39:00 |k Rodrigo Vera | ||
| 999 | |c 256423 |d 256421 | ||
| 952 | |0 0 |1 0 |4 0 |6 341_232000000000000_RIK_1974 |7 0 |8 A |9 279152 |a BIBDER |b BIBDER |d 2019-11-19 |i 1808796 |o 341.232 RIK 1974 |p 1808796 |r 2023-01-25 |w 2019-11-19 |y BK |k DER | ||